000 01098nam a2200361Ia 4500
001 Para_9780
003 CHAP
008 220125s9999 xx 000 0 und d
010 _a208422
020 _a0-13-098143-5
040 _cCHAP
082 _aPA 635.9 6429 F35
100 _aFermanian, Thomas W.
_9170085
245 _aControlling turfgrass pests /
_c Thomas W. Fermanian ... [et al.].
250 _a3
260 _aUpper Saddle River, New Jersey :
_b Prentice Hall
300 _a654 p.
500 _aIncluye referencias bibliográficas e índice
503 _aI.259952 (ej.1)
650 _aCéspedes
_x Enfermedades y plagas
_9174813
650 _aManejo del césped
_9174814
700 _aNixon, Philip L., coaut.
_9174815
700 _aRandell, Roscoe, coaut.
_9174816
700 _aShurtleff, Malcolm C, coaut.
_9174817
700 _aWilkinson, Henry T, coat.
_9174818
901 _aPA 635.9 6429 F35
902 _aM
905 _a523220 2003 an 8000000000 06
910 _a
942 _cPARA
942 _cPARA
_d1
999 _c208422
_d208422